| 000 | 00605nam a2200241Ia 4500 | ||
|---|---|---|---|
| 003 | OSt | ||
| 005 | 20220923225551.0 | ||
| 006 | a|||||r|||| 00| 0 | ||
| 007 | ta | ||
| 008 | Pun | ||
| 024 | _a271,359 | ||
| 037 | _cTextual | ||
| 040 |
_aARTS _cARTS _bPun |
||
| 041 |
_2Pun _aPun |
||
| 082 | _aN44v, 153L7.1 | ||
| 100 |
_aਬਰਾੜ, ਐਚ ਐਮ _9159218 |
||
| 245 | 0 | _aਭਾਰਤੀ ਕਲਾ | |
| 260 | _c1977 | ||
| 490 | _vळात 1 | ||
| 650 |
_aਵਧੀਆ ਕਲਾ _9156314 |
||
| 942 |
_hN44v, 153L7.1 _cTEXL _2CC |
||
| 999 |
_c379171 _d379171 |
||